000
00245nam a2200085Ia 4500
245
0
_a
More footprints that shaped our world
100
_a
NAIDOO, Phyllis Durban, [c.2009]
_9
81781
942
_c
BK
008
210817s9999 xx 000 0 und d
999
_c
293054
_d
293053